[Event "IITU Masters 2019"]
[Site "Almaty"]
[Date "2019.02.20"]
[Round "1.1"]
[White "Daurimbetov, A."]
[Black "Markov, Mikhail"]
[Result "0-1"]
[WhiteElo "2287"]
[BlackElo "2368"]
[Annotator "NA"]
[PlyCount "200"]
[EventDate "2019.02.20"]
[EventType "tourn"]
[EventCountry "KAZ"]
[SourceTitle "playchess.com"]
[Source "ChessBase"]
[SourceQuality "1"]
[TimeControl "5400+30"]

1. e4 {[%emt 0:00:00]} c5 {[%emt 0:00:00]} 2. Nf3 {[%emt 0:00:00]} d6 {[%emt 0:00:00]} 3. d4 {[%emt 0:00:00]} cxd4 {[%emt 0:00:00]} 4. Qxd4 {[%emt 0:00:04]} a6 {[%emt 0:00:59]} 5. Be3 {[%emt 0:01:59]} Nc6 {[%emt 0:01:53]} 6. Qd2 {[%emt 0:00:56]} Nf6 {[%emt 0:02:40]} 7. Nc3 {[%emt 0:00:07]} e5 {[%emt 0:05:34]} 8. O-O-O {[%emt 0:04:35]} b5 {[%emt 0:02:02]} 9. Bg5 {[%emt 0:00:59]} Be6 {[%emt 0:10:52]} 10. Kb1 {[%emt 0:04:52]} Rb8 {[%emt 0:17:41]} 11. h3 {[%emt 0:10:58]} h6 {[%emt 0:09:59]} 12. Bxf6 {[%emt 0:00:33]} Qxf6 {[%emt 0:00:04]} 13. Nh2 {[%emt 0:08:07]} Qd8 {[%emt 0:03:47]} 14. Ng4 {[%emt 0:01:09]} Nd4 {[%emt 0:00:55]} 15. Ne3 {[%emt 0:01:51]} Be7 {[%emt 0:02:22]} 16. Ncd5 {[%emt 0:03:12]} O-O {[%emt 0:07:33]} 17. c3 {[%emt 0:03:31]} Nc6 {[%emt 0:00:19]} 18. Nxe7+ {[%emt 0:12:25]} Qxe7 {[%emt 0:00:14]} 19. Qxd6 {[%emt 0:00:35]} Qb7 {[%emt 0:00:35]} 20. Nd5 {[%emt 0:09:07]} Kh8 {[%emt 0:09:07]} 21. Be2 {[%emt 0:04:46]} a5 {[%emt 0:08:12]} 22. Rd2 {[%emt 0:02:50]} Rbc8 {[%emt 0:02:17]} 23. Rc1 {[%emt 0:08:01]} b4 {[%emt 0:03:33]} 24. Qc5 {[%emt 0:06:43]} bxc3 {[%emt 0:01:45]} 25. Nxc3 {[%emt 0:01:20]} Nb4 {[%emt 0:01:48]} 26. Qb5 {[%emt 0:04:28]} Qxe4+ {[%emt 0:00:55]} 27. Ka1 {[%emt 0:02:09]} Nxa2 {[%emt 0:00:15]} 28. Nxa2 {[%emt 0:01:44]} Bxa2 {[%emt 0:00:04]} 29. Rcd1 {[%emt 0:01:11]} Be6 {[%emt 0:00:38]} 30. Bf3 {[%emt 0:01:13]} Qf4 {[%emt 0:00:53]} 31. Bd5 {[%emt 0:01:29]} Rb8 {[%emt 0:01:10]} 32. Qd3 {[%emt 0:02:17]} Rfd8 {[%emt 0:03:38]} 33. Qe4 {[%emt 0:00:33]} Qg5 {[%emt 0:01:36]} 34. h4 {[%emt 0:00:25]} Qf6 {[%emt 0:00:35]} 35. Bxe6 {[%emt 0:00:21]} Rxd2 {[%emt 0:00:04]} 36. Rxd2 {[%emt 0:00:06]} Qxe6 {[%emt 0:00:03]} 37. Rd5 {[%emt 0:00:32]} f6 {[%emt 0:00:42]} 38. h5 {[%emt 0:02:29]} a4 {[%emt 0:00:23]} 39. Qc4 {[%emt 0:00:42]} Qb6 {[%emt 0:00:26]} 40. Rd2 {[%emt 0:00:02]} a3 {[%emt 0:00:31]} 41. b3 {[%emt 0:00:25]} Qa5 {[%emt 0:01:01]} 42. Rc2 {[%emt 0:00:43]} a2 {[%emt 0:01:11]} 43. Qc3 {[%emt 0:01:06]} Qa3 {[%emt 0:00:52]} 44. Rb2 {[%emt 0:00:20]} Qa6 {[%emt 0:01:00]} 45. Qc4 {[%emt 0:00:35]} Qa8 {[%emt 0:00:49]} 46. f3 {[%emt 0:00:46]} Rc8 {[%emt 0:00:18]} 47. Rxa2 {[%emt 0:00:02]} Qb7 {[%emt 0:00:22]} 48. Qd3 {[%emt 0:00:38]} Qb4 {[%emt 0:00:11]} 49. Rc2 {[%emt 0:00:40]} Qa3+ {[%emt 0:00:10]} 50. Kb1 {[%emt 0:00:07]} Ra8 {[%emt 0:00:04]} 51. Qc3 {[%emt 0:00:23]} f5 {[%emt 0:01:39]} 52. Qb2 {[%emt 0:01:07]} Qd6 {[%emt 0:00:32]} 53. Rd2 {[%emt 0:00:14]} Qc5 {[%emt 0:00:13]} 54. Rc2 {[%emt 0:00:25]} Qb5 {[%emt 0:00:35]} 55. Rc4 {[%emt 0:00:50]} e4 {[%emt 0:00:18]} 56. Qc3 {[%emt 0:00:30]} Rd8 {[%emt 0:02:04]} 57. Rc8 {[%emt 0:00:44]} Qf1+ {[%emt 0:00:28]} 58. Qc1 {[%emt 0:00:05]} Qxc1+ {[%emt 0:00:33]} 59. Rxc1 {[%emt 0:00:01]} exf3 {[%emt 0:00:14]} 60. gxf3 {[%emt 0:00:01]} Rd3 {[%emt 0:00:04]} 61. Kb2 {[%emt 0:00:19]} Rxf3 {[%emt 0:00:03]} 62. b4 {[%emt 0:00:02]} Re3 {[%emt 0:00:56]} 63. Rc5 {[%emt 0:00:44]} f4 {[%emt 0:00:57]} 64. b5 {[%emt 0:01:08]} f3 {[%emt 0:00:11]} 65. Rf5 {[%emt 0:00:21]} f2 {[%emt 0:00:29]} 66. Rxf2 {[%emt 0:00:52]} Re5 {[%emt 0:00:01]} 67. Kc3 {[%emt 0:00:22]} Rxb5 {[%emt 0:00:12]} 68. Rh2 {[%emt 0:00:08]} Rd5 {[%emt 0:00:08]} 69. Kc4 {[%emt 0:00:02]} Rd1 {[%emt 0:00:08]} 70. Rh4 {[%emt 0:00:39]} Kg8 {[%emt 0:00:08]} 71. Rh2 {[%emt 0:00:19]} Kf7 {[%emt 0:00:04]} 72. Rf2+ {[%emt 0:00:13]} Ke6 {[%emt 0:00:42]} 73. Rg2 {[%emt 0:01:24]} Kf6 {[%emt 0:00:05]} 74. Rg6+ {[%emt 0:00:20]} Kf7 {[%emt 0:00:05]} 75. Rg2 {[%emt 0:00:05]} Rh1 {[%emt 0:00:48]} 76. Rf2+ {[%emt 0:00:03]} Ke6 {[%emt 0:00:30]} 77. Re2+ {[%emt 0:01:23]} Kf5 {[%emt 0:00:12]} 78. Rf2+ {[%emt 0:00:06]} Ke4 {[%emt 0:01:21]} 79. Rg2 {[%emt 0:01:33]} Rc1+ {[%emt 0:00:07]} 80. Kb5 {[%emt 0:00:11]} Rc7 {[%emt 0:00:32]} 81. Kb6 {[%emt 0:00:02]} Rf7 {[%emt 0:00:10]} 82. Kc6 {[%emt 0:00:45]} Rf5 {[%emt 0:00:07]} 83. Rxg7 {[%emt 0:00:08]} Rxh5 {[%emt 0:00:03]} 84. Rg6 {[%emt 0:02:06]} Kf4 {[%emt 0:00:16]} 85. Kd6 {[%emt 0:00:15]} Ra5 {[%emt 0:00:05]} 86. Rg8 {[%emt 0:00:48]} h5 {[%emt 0:00:05]} 87. Rb8 {[%emt 0:00:31]} h4 {[%emt 0:00:27]} 88. Rb4+ {[%emt 0:00:02]} Kg5 {[%emt 0:00:04]} 89. Rb3 {[%emt 0:00:07]} Kg4 {[%emt 0:00:49]} 90. Rb4+ {[%emt 0:00:02]} Kh5 {[%emt 0:00:05]} 91. Rb3 {[%emt 0:00:05]} Rg5 {[%emt 0:00:14]} 92. Ke6 {[%emt 0:00:30]} Rg3 {[%emt 0:00:27]} 93. Rb8 {[%emt 0:00:21]} Kg4 {[%emt 0:00:23]} 94. Rb4+ {[%emt 0:01:16]} Kh5 {[%emt 0:01:35]} 95. Rb5+ {[%emt 0:00:04]} Rg5 {[%emt 0:00:10]} 96. Rb3 {[%emt 0:00:18]} Kg6 {[%emt 0:00:32]} 97. Rb8 {[%emt 0:02:18]} h3 {[%emt 0:01:05]} 98. Rg8+ {[%emt 0:00:24]} Kh5 {[%emt 0:00:05]} 99. Ra8 {[%emt 0:00:05]} Rg6+ {[%emt 0:00:54]} 100. Kf5 {[%emt 0:00:02]} h2 0-1

[Event "IITU Masters 2019"]
[Site "Almaty"]
[Date "2019.02.20"]
[Round "1.2"]
[White "Mezentsev, Ivan"]
[Black "Khusenkhojaev, Muhammad"]
[Result "1/2-1/2"]
[WhiteElo "2298"]
[BlackElo "2441"]
[Annotator "TA"]
[PlyCount "61"]
[EventDate "2019.02.20"]
[EventType "tourn"]
[EventCountry "KAZ"]
[SourceTitle "playchess.com"]
[Source "ChessBase"]
[SourceQuality "1"]

{[%evp 19,61,0,8,-1,21,13,39,29,31,-24,10,0,22,10,0,14,8,8,6,0,6,-8,-8,-8,-11,-10,-7,-8,-12,-14,0,0,0,0,0,0,0,0,0,0,0,0,0,0]} 1. Nf3 Nf6 2. c4 g6 3. Nc3 d5 4. cxd5 Nxd5 5. d4 Bg7 6. e4 Nxc3 7. bxc3 c5 8. Bb5+ Nc6 9. O-O O-O 10. Bxc6 bxc6 11. h3 {D85: Exchange Grünfeld: Unusual White 7th moves and lines with 7 Nf3} (11. Ba3 cxd4 12. cxd4 Bg4 13. Bc5 Bxf3 14. Qxf3 Bxd4 15. Rad1 Bxc5 16. Rxd8 Rfxd8 17. Qc3 Bb6 18. a4 Rd6 19. a5 Bd4 {0-1 (53) Timman,J (2655)-Kasparov,G (2851) Kopavogur 2000}) 11... Qa5 12. Bg5 $146 ({Predecessor:} 12. Qc2 Rd8 13. Rd1 Be6 14. Bg5 Rd7 15. Ne5 cxd4 16. cxd4 Bxe5 17. dxe5 Qxe5 18. Qxc6 Rad8 19. f4 Rxd1+ 20. Rxd1 Rxd1+ 21. Kh2 Qd4 22. Kg3 Kg7 23. Qa8 h6 24. Bxe7 Qe3+ {0-1 (24) Zuo,Z (1707)-Ma,L (2041) Daqing 2018}) 12... Ba6 13. Re1 {White is slightly better.} Rfe8 14. Qd2 (14. Qc1 $14) 14... Rad8 15. Rad1 {The position is equal.} Rd7 (15... cxd4 {is more complex.} 16. cxd4 Qxd2 17. Rxd2 Rb8 18. Rc2 Bb5) 16. Bh6 cxd4 17. Bxg7 Kxg7 18. cxd4 Qxd2 19. Rxd2 e5 20. Rc1 (20. Red1 {feels hotter.} exd4 21. Nxd4 Rc7 22. f3 Rb8 23. Nc2) 20... exd4 21. Rxd4 Rxd4 22. Nxd4 Rxe4 23. Nxc6 $11 {[%mdl 4096] Endgame KRB-KRN} Ra4 24. Nxa7 Bc4 25. a3 Rxa3 26. Rxc4 {[#] Nb5 is the strong threat.} Rxa7 {KR-KR} 27. h4 h5 28. g3 Ra2 29. Rc6 Rb2 30. Kg2 Ra2 31. Rb6 {Accuracy: White = 64%, Black = 51%.} 1/2-1/2

[Event "IITU Masters 2019"]
[Site "Almaty"]
[Date "2019.02.20"]
[Round "1.3"]
[White "Askarov, Bakhtiyar"]
[Black "Igambergenov, Alibek"]
[Result "1/2-1/2"]
[WhiteElo "2425"]
[BlackElo "2309"]
[Annotator "TA"]
[PlyCount "178"]
[EventDate "2019.02.20"]
[EventType "tourn"]
[EventCountry "KAZ"]
[SourceTitle "playchess.com"]
[Source "ChessBase"]
[SourceQuality "1"]

{[%evp 19,178,14,43,-2,95,60,117,98,137,118,118,131,143,94,104,79,77,67,78,83,79,79,87,87,84,84,84,85,85,84,89,84,85,88,85,85,87,88,97,72,100,105,108,110,114,119,164,158,135,108,124,119,120,121,125,79,79,79,79,75,108,95,112,96,107,116,132,114,124,133,134,96,97,0,124,115,154,154,149,131,133,93,111,99,104,97,122,20,20,26,26,16,16,16,23,23,23,23,23,23,23,23,23,23,23,23,23,23,23,0,23,0,23,23,23,0,23,0,30,16,16,0,0,0,0,0,0,0,0,0,0,0,0,0,0,0,0,0,0,0,0,0,0,0,0,0,0,0,0,0,0,0,0,0,0,0,0,0,0,0,0]} 1. d4 Nf6 2. Nf3 g6 3. Bf4 Bg7 4. e3 O-O 5. h3 d6 6. Be2 Nc6 7. O-O Nd7 8. c4 {[%cal Bc2c4,Bc4c5][%mdl 32]} e5 9. Bg3 h6 10. Nc3 f5 {LiveBook: 5 Games} 11. c5 {E61: King's Indian: Early deviations for White, including Smyslov System} f4 $146 (11... dxc5 $11 12. Qb3+ Kh7 13. dxe5 Ndxe5) ({Predecessor:} 11... exd4 12. exd4 dxc5 13. Bc4+ Kh7 14. dxc5 f4 15. Bh4 Nf6 16. Bxf6 Qxf6 17. Re1 Bf5 18. Qa4 Rad8 {½-½ (37) Le,Q (2737)-Amonatov,F (2636) Riadh 2017}) 12. Bc4+ Kh7 ({Black should play} 12... Kh8 $14 13. Bh4 Nf6) 13. Bh4 $16 {White is better.} Bf6 14. Bxf6 Nxf6 15. dxe5 dxe5 16. Qxd8 Rxd8 17. exf4 exf4 18. Nb5 {[%cal Bc3b5,Bb5c7,Bc7e6][%mdl 32]} Bf5 19. Nxc7 Rac8 20. Ne6 Re8 21. Nxf4 Re4 22. Nd5 Rxc4 23. Nxf6+ Kg7 24. Nd5 Rxc5 25. Ne3 Be6 26. Rfd1 Rf8 27. Nd4 Nxd4 28. Rxd4 Rb5 29. b3 Rc8 30. Rad1 Ra5 31. R1d2 Rc1+ 32. Kh2 Ra1 33. Re4 Ra6 34. Nd1 Rc1 35. Rb4 Rc7 36. Ne3 Ra5 37. Rd6 Bf7 38. a4 b6 39. Rd3 Be6 40. g4 Kf6 41. Kg3 h5 42. Rf4+ Ke7 43. Re4 Rd7 44. Rc3 {[#] Strongly threatening Nc4.} Kf7 45. Rf4+ Kg7 46. Re4 Kf7 $1 47. Nc2 {Hoping for Rf3+.} hxg4 48. hxg4 {And now Rf3+ would win.} Bd5 49. Rf4+ Kg7 50. Nb4 {Rd4 is the strong threat.} Bf7 51. Nc6 Rad5 52. Re3 Bg8 53. Ne5 (53. Ne7 $16 R5d6 54. Nxg8 Kxg8 55. Rc4) 53... Re7 $1 $11 {[%cal Re7e5]} 54. Rfe4 g5 {next ...Bh7 is good for Black.} 55. Nc4 Rxe4 56. Rxe4 {[%mdl 4096] Endgame Threatening Re7+. KRB-KRN} Rd3+ 57. Re3 Bxc4 58. bxc4 {KR-KR} Rd4 59. Re7+ Kf6 60. Rc7 Ke6 61. f3 Rf4 62. Kf2 Kf6 63. Ke3 Ke6 64. Kf2 Kf6 65. Ke3 Ke6 66. Rc6+ Kf7 $1 67. Rc7+ Ke6 68. Rc6+ Kf7 $1 69. a5 bxa5 {The position is equal.} 70. c5 Rc4 71. Kd3 Rf4 72. Ke3 Rc4 73. Kd3 Rf4 74. Ra6 Rxf3+ 75. Kd4 Rf4+ 76. Kd5 Rxg4 77. Rxa5 Rg1 78. Kd6 Rd1+ 79. Kc7 Kf6 80. c6 g4 81. Kb8 Rb1+ 82. Kxa7 {Black must now prevent c7.} g3 {( -> ...g2)} (82... Ke7 {is more complex.} 83. Rd5 g3 84. Rd7+ Kf6 85. Rd6+ Ke5) 83. Ra2 Rc1 84. Kb6 Kf5 85. c7 Kf4 86. Ra1 {[#]} Rxc7 $1 {[%mdl 512]} 87. Kxc7 g2 88. Rg1 Kg3 89. Rxg2+ Kxg2 {Precision: White = 57%, Black = 72%.} 1/2-1/2

[Event "IITU Masters 2019"]
[Site "Almaty"]
[Date "2019.02.20"]
[Round "1.4"]
[White "Zhalmakhanov, Ramazan"]
[Black "Tologontegin, Semetey"]
[Result "1/2-1/2"]
[WhiteElo "2324"]
[BlackElo "2372"]
[Annotator "NA"]
[PlyCount "101"]
[EventDate "2019.02.20"]
[EventType "tourn"]
[EventCountry "KAZ"]
[SourceTitle "playchess.com"]
[Source "ChessBase"]
[SourceQuality "1"]
[TimeControl "5400+30"]

1. e4 {[%emt 0:00:00]} e6 {[%emt 0:00:00]} 2. d4 {[%emt 0:00:00]} b6 {[%emt 0:00:00]} 3. Nf3 {[%emt 0:01:48]} Bb7 {[%emt 0:00:02]} 4. Bd3 {[%emt 0:00:15]} d6 {[%emt 0:00:23]} 5. O-O {[%emt 0:03:08]} Nd7 {[%emt 0:00:39]} 6. c3 {[%emt 0:06:08]} g6 {[%emt 0:01:15]} 7. Nbd2 {[%emt 0:00:20]} Bg7 {[%emt 0:00:24]} 8. Re1 {[%emt 0:01:00]} Ne7 {[%emt 0:00:36]} 9. Nf1 {[%emt 0:01:59]} O-O {[%emt 0:01:25]} 10. Ng3 {[%emt 0:00:19]} h6 {[%emt 0:19:04]} 11. Bc2 {[%emt 0:15:22]} Kh7 {[%emt 0:05:04]} 12. h4 {[%emt 0:04:50]} e5 {[%emt 0:00:47]} 13. h5 {[%emt 0:03:02]} Nc6 {[%emt 0:07:10]} 14. Be3 {[%emt 0:05:46]} Nf6 {[%emt 0:08:56]} 15. dxe5 {[%emt 0:04:29]} dxe5 {[%emt 0:00:19]} 16. hxg6+ {[%emt 0:04:35]} fxg6 {[%emt 0:00:12]} 17. Qxd8 {[%emt 0:00:43]} Raxd8 {[%emt 0:07:54]} 18. Rad1 {[%emt 0:04:44]} Ng4 {[%emt 0:03:19]} 19. Bc1 {[%emt 0:00:56]} Bc8 {[%emt 0:05:05]} 20. Rxd8 {[%emt 0:03:42]} Nxd8 {[%emt 0:17:15]} 21. Rd1 {[%emt 0:04:37]} Ne6 {[%emt 0:04:58]} 22. Ba4 {[%emt 0:05:23]} Bf6 {[%emt 0:05:29]} 23. Nh2 {[%emt 0:15:53]} Nc5 {[%emt 0:06:47]} 24. Bc2 {[%emt 0:03:15]} Nxh2 {[%emt 0:01:10]} 25. Kxh2 {[%emt 0:00:08]} Be7 {[%emt 0:01:14]} 26. f3 {[%emt 0:01:06]} h5 {[%emt 0:01:50]} 27. Nf1 {[%emt 0:00:47]} Rd8 {[%emt 0:00:50]} 28. Rxd8 {[%emt 0:01:08]} Bxd8 {[%emt 0:00:03]} 29. Be3 {[%emt 0:02:21]} Ne6 {[%emt 0:00:16]} 30. Nd2 {[%emt 0:00:13]} c6 {[%emt 0:00:14]} 31. g3 {[%emt 0:01:12]} Bc7 {[%emt 0:00:14]} 32. Bb3 {[%emt 0:01:19]} Kg7 {[%emt 0:00:18]} 33. a4 {[%emt 0:03:50]} Kf6 {[%emt 0:00:57]} 34. Bd1 {[%emt 0:00:25]} g5 {[%emt 0:01:21]} 35. Be2 {[%emt 0:00:17]} h4 {[%emt 0:00:15]} 36. Bf1 {[%emt 0:00:44]} Ng7 {[%emt 0:01:33]} 37. Bh3 {[%emt 0:01:06]} hxg3+ {[%emt 0:00:34]} 38. Kxg3 {[%emt 0:00:03]} Nh5+ {[%emt 0:00:18]} 39. Kh2 {[%emt 0:00:03]} Ba6 {[%emt 0:00:36]} 40. Bd7 {[%emt 0:00:15]} c5 {[%emt 0:00:24]} 41. Kh3 {[%emt 0:00:36]} Be2 {[%emt 0:00:16]} 42. Bb5 {[%emt 0:01:15]} Bd1 {[%emt 0:00:06]} 43. Kg4 {[%emt 0:00:54]} Nf4 {[%emt 0:00:05]} 44. Nf1 {[%emt 0:00:14]} a6 {[%emt 0:00:31]} 45. Bxa6 {[%emt 0:00:22]} Bxa4 {[%emt 0:00:04]} 46. Bc8 {[%emt 0:00:11]} Be8 {[%emt 0:00:46]} 47. Ng3 {[%emt 0:00:45]} Bf7 {[%emt 0:01:07]} 48. Bd7 {[%emt 0:00:55]} Bg6 {[%emt 0:00:27]} 49. Bf5 {[%emt 0:01:07]} Be8 {[%emt 0:00:47]} 50. Bc8 {[%emt 0:00:32]} Bf7 {[%emt 0:00:17]} 51. Bd7 {[%emt 0:00:15]} 1/2-1/2

[Event "IITU Masters 2019"]
[Site "Almaty"]
[Date "2019.02.20"]
[Round "1.5"]
[White "Rakhimzhan, Alen"]
[Black "Zubarev, Alexander"]
[Result "1/2-1/2"]
[WhiteElo "2320"]
[BlackElo "2494"]
[Annotator "TA"]
[PlyCount "120"]
[EventDate "2019.02.20"]
[EventType "tourn"]
[EventCountry "KAZ"]
[SourceTitle "playchess.com"]
[Source "ChessBase"]
[SourceQuality "1"]

{[%evp 22,120,21,24,53,35,34,23,31,17,40,20,29,25,25,22,23,21,27,14,16,0,0,0,0,-1,-2,-51,-46,-53,-50,-162,-152,-218,-191,-173,-166,-170,-57,-54,-67,-53,-45,-45,-45,-42,-31,-31,0,-54,-57,-72,-31,-51,-35,-37,0,-50,-45,-102,-56,-100,-107,-99,-58,-60,-54,-60,-27,-112,-119,-109,-111,-102,-8,-8,-8,-8,-9,-9,-9,-16,-30,-58,0,0,0,0,0,0,0,0,1,4,6,0,0,0,0,0,0]} 1. d4 g6 2. e4 Bg7 3. Nf3 d6 4. Bd3 Nf6 5. c3 O-O 6. O-O Nc6 7. Nbd2 e5 8. dxe5 Nxe5 9. Nxe5 dxe5 10. Nc4 Qe7 11. Bg5 h6 12. Bh4 c6 $146 {B07: Pirc Defence: Miscellaneous Systems} ({Predecessor:} 12... Rd8 13. Qe2 Bg4 14. f3 Be6 15. Rfd1 Bxc4 16. Bxc4 Rxd1+ 17. Rxd1 Rd8 18. b4 Rxd1+ 19. Qxd1 Qd7 20. Qxd7 Nxd7 {½-½ (57) Shankland,S (2717)-Terry,R (2503) Montevideo 2018}) 13. a4 Qc7 14. f3 Nh5 {White has an edge.} 15. Re1 Be6 16. Qc2 Bf6 17. Bf2 Nf4 18. Bf1 b6 19. b4 Rfd8 20. Kh1 Be7 21. Rad1 b5 22. Na5 a6 23. axb5 cxb5 {aiming for ...Rxd1.} 24. Qb2 Rac8 25. Rxd8+ Rxd8 26. Nb3 (26. Ra1 $15) 26... Bc4 $19 {Threatens to win with ...Bxf1.} 27. g3 (27. Be3 $17 {might work better.}) 27... Bxf1 28. gxf4 {[#]} Bh3 $1 29. fxe5 {[#]} Qxe5 (29... Rd3 $1 $19 30. Bd4 Rxf3) 30. Nd4 $15 Qh5 31. Qe2 Re8 32. Bg3 Bf8 33. Qf2 Bc8 34. Kg1 Bb7 35. e5 (35. h4 $11) 35... Bd5 36. Re3 Bg7 {[%cal Rg7e5]} 37. f4 Qg4 38. Qe2 Qd7 39. Qd3 (39. f5 $5) 39... Bc4 40. Qd2 (40. Qe4 $15) 40... h5 41. Qf2 Bh6 (41... a5 {with more complications.} 42. bxa5 b4 43. f5 h4 44. Bf4 Qa4) 42. Re1 Be6 43. Nxe6 Qxe6 44. Qf3 Rc8 45. f5 (45. Rd1 $11) 45... Qxf5 $17 46. Qxf5 gxf5 {[%mdl 4096] Endgame KRB-KRB} 47. e6 Bd2 (47... Kf8 $17 48. Re5 f6 49. e7+ Ke8 50. Rxf5 Kxe7) 48. Re2 $11 {Hoping for e7.} Bxc3 49. e7 Re8 50. Bd6 f6 51. Ra2 Kf7 52. Rxa6 Be5 ({Better is} 52... Rg8+ $15 53. Kf2 Bd4+ 54. Kf3 Be5) 53. Bc5 {The position is equal.} Rg8+ 54. Kh1 $1 f4 55. Ra3 f5 56. Rh3 Rg5 57. Rd3 {Threatening mate with Rd8.} Rg8 $1 $132 {[%mdl 2048] Black is not holding back} 58. Rd8 {White threatens Rxg8 and mate.} Re8 59. Rd5 Ke6 60. Rd8 Kf7 {Accuracy: White = 54%, Black = 64%.} 1/2-1/2

[Event "IITU Masters 2019"]
[Site "Almaty"]
[Date "2019.02.21"]
[Round "2.1"]
[White "Markov, Mikhail"]
[Black "Zubarev, Alexander"]
[Result "1/2-1/2"]
[WhiteElo "2368"]
[BlackElo "2494"]
[Annotator "ChessBase"]
[PlyCount "59"]
[EventDate "2019.02.20"]
[EventType "tourn"]
[EventCountry "KAZ"]
[SourceTitle "playchess.com"]
[Source "ChessBase"]
[SourceQuality "1"]
[TimeControl "5400+30"]

1. Nf3 {[%emt 0:00:00]} d5 {[%emt 0:00:00]} 2. d4 {[%emt 0:00:30]} Nf6 {[%emt 0:00:09]} 3. Bf4 {[%emt 0:00:24]} e6 {[%emt 0:01:12]} 4. e3 {[%emt 0:00:10]} Bd6 {[%emt 0:00:39]} 5. Bxd6 {[%emt 0:01:47]} cxd6 {[%emt 0:00:17]} 6. Nbd2 {[%emt 0:01:35]} O-O {[%emt 0:00:23]} 7. c4 {[%emt 0:01:33]} dxc4 {[%emt 0:03:45]} 8. Bxc4 {[%emt 0:01:30]} b6 {[%emt 0:01:54]} 9. O-O {[%emt 0:01:24]} Bb7 {[%emt 0:00:20]} 10. Rc1 {[%emt 0:01:45]} Nbd7 {[%emt 0:01:05]} 11. Bb5 {[%emt 0:01:04]} Rc8 {[%emt 0:00:15]} 12. Rxc8 {[%emt 0:05:15]} Qxc8 {[%emt 0:00:08]} 13. Qb1 {[%emt 0:01:03]} Qa8 {[%emt 0:03:03]} 14. Rc1 {[%emt 0:01:15]} Rc8 {[%emt 0:00:15]} 15. Ne1 {[%emt 0:00:28]} Rxc1 {[%emt 0:02:59]} 16. Qxc1 {[%emt 0:00:06]} Qc8 {[%emt 0:00:28]} 17. Qxc8+ {[%emt 0:02:02]} Bxc8 {[%emt 0:00:05]} 18. Nd3 {[%emt 0:01:23]} Kf8 {[%emt 0:00:17]} 19. Kf1 {[%emt 0:01:18]} Ke7 {[%emt 0:00:15]} 20. Ke2 {[%emt 0:00:18]} Bb7 {[%emt 0:01:20]} 21. f3 {[%emt 0:00:18]} a6 {[%emt 0:00:08]} 22. Bxd7 {[%emt 0:00:18]} Nxd7 {[%emt 0:00:07]} 23. Nc4 {[%emt 0:01:46]} a5 {[%emt 0:00:16]} 24. b3 {[%emt 0:01:06]} Ba6 {[%emt 0:00:10]} 25. Kd2 {[%emt 0:00:24]} d5 {[%emt 0:00:24]} 26. Nce5 {[%emt 0:00:22]} Bxd3 {[%emt 0:00:14]} 27. Nxd7 {[%emt 0:00:20]} Kxd7 {[%emt 0:00:15]} 28. Kxd3 {[%emt 0:00:03]} b5 {[%emt 0:00:51]} 29. a4 {[%emt 0:00:08]} bxa4 {[%emt 0:00:09]} 30. bxa4 {[%emt 0:00:04]} 1/2-1/2

[Event "IITU Masters 2019"]
[Site "Almaty"]
[Date "2019.02.21"]
[Round "2.2"]
[White "Tologontegin, Semetey"]
[Black "Rakhimzhan, Alen"]
[Result "1-0"]
[WhiteElo "2372"]
[BlackElo "2320"]
[Annotator "NA"]
[PlyCount "91"]
[EventDate "2019.02.20"]
[EventType "tourn"]
[EventCountry "KAZ"]
[SourceTitle "playchess.com"]
[Source "ChessBase"]
[SourceQuality "1"]
[TimeControl "5400+30"]

1. c4 {[%emt 0:03:35]} e5 {[%emt 0:00:00]} 2. d3 {[%emt 0:00:30]} Nf6 {[%emt 0:00:16]} 3. Nf3 {[%emt 0:00:30]} Nc6 {[%emt 0:00:30]} 4. a3 {[%emt 0:00:30]} a5 {[%emt 0:00:30]} 5. e3 {[%emt 0:00:30]} g6 {[%emt 0:00:30]} 6. b3 {[%emt 0:08:46]} Bg7 {[%emt 0:00:32]} 7. Bb2 {[%emt 0:00:13]} d6 {[%emt 0:00:10]} 8. d4 {[%emt 0:01:20]} exd4 {[%emt 0:06:17]} 9. Nxd4 {[%emt 0:00:13]} O-O {[%emt 0:00:52]} 10. Be2 {[%emt 0:01:14]} Nxd4 {[%emt 0:04:33]} 11. Bxd4 {[%emt 0:00:12]} Bd7 {[%emt 0:00:31]} 12. O-O {[%emt 0:01:16]} Bc6 {[%emt 0:00:36]} 13. Nc3 {[%emt 0:00:41]} Re8 {[%emt 0:03:34]} 14. Rc1 {[%emt 0:05:39]} Ne4 {[%emt 0:13:04]} 15. Bxg7 {[%emt 0:05:08]} Kxg7 {[%emt 0:00:11]} 16. Nd5 {[%emt 0:00:18]} Kg8 {[%emt 0:04:01]} 17. Bf3 {[%emt 0:04:45]} Nf6 {[%emt 0:14:02]} 18. Qd4 {[%emt 0:02:27]} Re5 {[%emt 0:16:07]} 19. Rfd1 {[%emt 0:01:19]} Rc8 {[%emt 0:03:25]} 20. g3 {[%emt 0:03:52]} Bxd5 {[%emt 0:12:24]} 21. cxd5 {[%emt 0:00:24]} Qe7 {[%emt 0:00:07]} 22. Bg2 {[%emt 0:04:45]} b6 {[%emt 0:00:19]} 23. Rd3 {[%emt 0:03:32]} Ne8 {[%emt 0:04:48]} 24. f4 {[%emt 0:01:09]} Rh5 {[%emt 0:00:05]} 25. Bf3 {[%emt 0:08:59]} Rh6 {[%emt 0:00:33]} 26. e4 {[%emt 0:12:57]} g5 {[%emt 0:02:28]} 27. f5 {[%emt 0:00:14]} g4 {[%emt 0:06:28]} 28. Bxg4 {[%emt 0:01:40]} Nf6 {[%emt 0:00:02]} 29. Bf3 {[%emt 0:00:24]} Nd7 {[%emt 0:00:06]} 30. Rdc3 {[%emt 0:01:20]} Ne5 {[%emt 0:00:12]} 31. Be2 {[%emt 0:01:25]} Kh8 {[%emt 0:00:51]} 32. Qe3 {[%emt 0:00:59]} Kg7 {[%emt 0:01:25]} 33. Qf4 {[%emt 0:01:15]} Qf6 {[%emt 0:06:25]} 34. Rxc7 {[%emt 0:01:46]} Rxc7 {[%emt 0:00:02]} 35. Rxc7 {[%emt 0:00:08]} Qd8 {[%emt 0:00:07]} 36. Qc1 {[%emt 0:03:11]} b5 {[%emt 0:00:46]} 37. h4 {[%emt 0:01:12]} Rf6 {[%emt 0:00:32]} 38. Kg2 {[%emt 0:02:21]} h6 {[%emt 0:00:39]} 39. g4 {[%emt 0:00:39]} Qa8 {[%emt 0:00:52]} 40. Rc8 {[%emt 0:09:05]} Qa7 {[%emt 0:00:13]} 41. g5 {[%emt 0:00:17]} Rxf5 {[%emt 0:00:03]} 42. exf5 {[%emt 0:00:11]} Qd4 {[%emt 0:00:05]} 43. gxh6+ {[%emt 0:02:09]} Kh7 {[%emt 0:00:08]} 44. Qg5 {[%emt 0:00:32]} Qe4+ {[%emt 0:00:16]} 45. Kf2 {[%emt 0:00:35]} Qd4+ {[%emt 0:01:07]} 46. Kf1 {[%emt 0:00:15]} 1-0